| 000 | 01493nam a22004097a 4500 | ||
|---|---|---|---|
| 003 | CHAP | ||
| 005 | 20220329135804.0 | ||
| 008 | 971013s1973 r 00010 d | ||
| 010 | _a42175 | ||
| 011 | _a43147 | ||
| 035 | _a47283 | ||
| 040 | _cCHAP | ||
| 090 | _aFolleto 2150 | ||
| 110 |
_aE.U.A. Department of Agriculture _934876 |
||
| 245 | _aLineamientos para el control de fungosidades en maíz con alto contenido de humedad | ||
| 260 |
_aMéxico, D. F. : _bCentro Regional de Ayuda Técnica, _c1973 |
||
| 300 |
_a14 p. _b: ilus. |
||
| 490 |
_aFarmer's bulletin _v; 2238 |
||
| 590 |
_aBATCH-UPD _b10 _c20130110 _lUCH01 _h0300 |
||
| 590 |
_aBATCH-UPD _b10 _c20130110 _lUCH01 _h1428 |
||
| 590 |
_aBATCH-UPD _b10 _c20130409 _lUCH01 _h2331 |
||
| 590 |
_aBATCH-UPD _b10 _c20130410 _lUCH01 _h1511 |
||
| 590 |
_aBATCH-UPD _b10 _c20130914 _lUCH01 _h1703 |
||
| 590 |
_aCONVERSION _b10 _c20130109 _lUCH01 _h1323 |
||
| 650 | 1 | 4 |
_aMaíz _xAlmacenamiento. _970853 |
| 650 | 1 | 4 |
_aMaíz _xDeshidratación. _970927 |
| 650 | 1 | 4 |
_aMaíz _xEnfermedades. _970939 |
| 650 | 1 | 4 |
_aMaíz _xHumedad. _970976 |
| 830 | 0 |
_aFarmer's bulletin _v; 2238 _939770 |
|
| 901 | _aBK | ||
| 942 | _cFOLL | ||
| 949 |
_aFolleto 2150 _bBC _cFOLL _d-107486 _eTS1 _i47283 _si |
||
| 949 |
_aFolleto 2150 _bBC _cFOLL _d-107487 _eTS2 _fc.2 _i47283 _si |
||
| 949 |
_aFolleto 2150 _bBC _cFOLL _d-107488 _eTS2 _fc.3 _i47283 _si |
||
| 949 |
_aFolleto 2150 _bBC _cFOLL _d-107490 _eTS2 _fc.4 _i47283 _si |
||
| 949 |
_aFolleto 2150 _bBC _cFOLL _d-107492 _eTS2 _fc.5 _i47283 _si |
||
| 999 |
_c42175 _d42175 |
||